000 00832nam a2200265Ia 4500
003 OSt
005 20220930085208.0
006 a|||||r|||| 00| 0
007 ta
008 220926b |||||||| |||| 00| 0 eng d
024 _a91850
037 _cTheses
040 _aCRL
_cCRL
_beng
041 _2eng
_aeng
100 _aAhlawat Monica
_9374125
110 _aUniversity of Delhi. Faculty of Social Science. Department of Geography
_9528123
245 0 _aInfluence of environmental degradation on women in rural Delhi
260 _c2008
300 _a313p.
_ap.
_ccm.
650 _aGEOGRAPHY
700 _a Dr. R. B. Singh Gu.
_9535752
700 _aUniversity of Delhi. Faculty of Social Science. Department of Geography
_9528124
942 _cDIS
_2CC
999 _c878520
_d878520